书目信息 |
| 题名: |
合同法要义
|
|
| 作者: | 隋彭生 著 | |
| 分册: | ||
| 出版信息: | 北京 中国政法大学出版社 2005.01 |
|
| 页数: | 15, 590页 | |
| 开本: | 23cm | |
| 丛书名: | ||
| 单 册: | ||
| 中图分类: | D923.6 | |
| 科图分类: | ||
| 主题词: | 合同法--he tong fa--中国 | |
| 电子资源: | ||
| ISBN: | 7-5620-2433-2 | |
| 000 | 00773nam0 2200241 450 | |
| 001 | 012007641628 | |
| 005 | 20070929092101.78 | |
| 010 | @a7-5620-2433-2@dCNY49.00 | |
| 100 | @a20070725d2005 km y0chiy0120 ea | |
| 101 | 0 | @achi |
| 102 | @aCN@b110000 | |
| 105 | @ay a 000yy | |
| 200 | 1 | @a合同法要义@Ahe tong fa yao yi@f隋彭生著@Fsui peng sheng zhu |
| 205 | @a第2版 | |
| 210 | @a北京@c中国政法大学出版社@d2005.01 | |
| 215 | @a15, 590页@d23cm | |
| 320 | @a有书目 (第588-590页)。 | |
| 330 | @a本书讲述了合同法是以正义为最高价值目标,以原则规范为骨架的法律规则体系;全同是当事人通过自己的意志建立起来的交易关系。 | |
| 606 | 0 | @a合同法@Ahe tong fa@y中国 |
| 690 | @aD923.6@v4 | |
| 701 | 0 | @a隋彭生@Asui peng sheng@4著 |
| 801 | 0 | @aCN@c20070929 |
| 905 | @dD923.6@eS885 | |
| 合同法要义/隋彭生著.-第2版.-北京:中国政法大学出版社,2005.01 |
| 15, 590页;23cm |
| ISBN 7-5620-2433-2:CNY49.00 |
| 本书讲述了合同法是以正义为最高价值目标,以原则规范为骨架的法律规则体系;全同是当事人通过自己的意志建立起来的交易关系。 |
| ● |
| 相关链接 |
|
|
|
正题名:合同法要义
索取号:D923.6/S885
 
预约/预借
| 序号 | 登录号 | 条形码 | 馆藏地/架位号 | 状态 | 备注 |
| 1 | 248218 | 202482189 | 社科库509/509社科库 92排9列4层/ [索取号:D923.6/S885] | 在馆 | |
| 2 | 248219 | 202482198 | 社科库509/509社科库 92排9列4层/ [索取号:D923.6/S885] | 在馆 |